Wszystkie dzielnice i osiedla Rzeszowa - Statystyki

Ogólne statystyki
  • Ten quiz został rozwiązany 35 razy
  • Średni wynik to 11 z 53
Statystyki odpowiedzi
Hint Odpowiedź % Poprawnych
Dzielnica Baranówka
86%
Dzielnica Nowe Miasto
72%
Dzielnica Śródmieście
66%
Dzielnica Staromieście
59%
Dzielnica Budziwój
55%
Dzielnica Przybyszówka
55%
Dzielnica Staroniwa
55%
Dzielnica Drabinianka
52%
Dzielnica Zalesie
52%
Dzielnica Biała
48%
Dzielnica Miłocin
48%
Dzielnica Wilkowyja
48%
Dzielnica Pobitno
45%
Dzielnica Słocina
45%
Dzielnica Załęże
45%
Dzielnica Bzianka
34%
Osiedle Krakowska-Południe
31%
Dzielnica Matysówka
31%
Dzielnica Pogwizdów Nowy
17%
Osiedle Osiedle Dąbrowskiego
14%
Osiedle Osiedle Mieszka I
14%
Osiedle Osiedle Piastów
14%
Osiedle Osiedle Pułaskiego
10%
Osiedle Osiedle 1000-lecia
7%
Osiedle Osiedle Franciszka Kotulli
7%
Osiedle Osiedle Kmity
7%
Osiedle Osiedle Paderewskiego
7%
Osiedle Osiedle Pobitno
7%
Osiedle Osiedle Śródmieście
7%
Osiedle Osiedle Staroniwa
7%
Osiedle Osiedle Wilkowyja
7%
Osiedle Osiedle Zawiszy Czarnego
7%
Osiedle Osiedle Zwięczyca
7%
Osiedle Osiedle Baranówka
3%
Osiedle Osiedle Biała
3%
Osiedle Osiedle Budziwój
3%
Osiedle Osiedle Bzianka
3%
Osiedle Osiedle Drabinianka
3%
Osiedle Osiedle Generała Grota Roweckiego
3%
Osiedle Osiedle Generała Władysława Andersa
3%
Osiedle Osiedle Króla Stanisława Augusta
3%
Osiedle Osiedle Matysówka
3%
Osiedle Osiedle Miłocin
3%
Osiedle Osiedle Miłocin-Św. Huberta
3%
Osiedle Osiedle Nowe Miasto
3%
Osiedle Osiedle Pogwizdów Nowy
3%
Osiedle Osiedle Przybyszówka
3%
Osiedle Osiedle Słocina
3%
Osiedle Osiedle staromieście
3%
Osiedle Osiedle Zalesie
3%
Osiedle Osiedle Załęże
3%
Dzielnica Pieronka
3%
Dzielnica Ruska Wieś
3%
Nie znaleziono quizów pasujących do podanych kryteriów
Rozkład punktacji
Procent ludzi z każdym wynikiem
Percentyl według liczby udzielonych odpowiedzi
Twoja historia wyników
Nie rozwiązałeś tego quizu